<?xml version='1.0' encoding='UTF-8'?>
  <record xmlns="http://www.loc.gov/MARC21/slim">
    <leader>00000cam a2200000 i 4500</leader>
    <controlfield tag="001">on1050871502</controlfield>
    <controlfield tag="003">OCoLC</controlfield>
    <controlfield tag="005">20251013012059.5</controlfield>
    <controlfield tag="008">180906s1544    gw            001 0 lat d</controlfield>
    <datafield tag="040" ind1=" " ind2=" ">
      <subfield code="a">PLT</subfield>
      <subfield code="b">eng</subfield>
      <subfield code="e">rda</subfield>
      <subfield code="e">dcrmr</subfield>
      <subfield code="c">PLT</subfield>
      <subfield code="d">OCLCF</subfield>
      <subfield code="d">OCLCO</subfield>
      <subfield code="d">OCLCQ</subfield>
      <subfield code="d">OCLCO</subfield>
      <subfield code="d">QGJ</subfield>
      <subfield code="d">OCLCQ</subfield>
      <subfield code="d">OCLCO</subfield>
      <subfield code="d">OCLCQ</subfield>
      <subfield code="d">QGJ</subfield>
      <subfield code="d">OCLCL</subfield>
      <subfield code="d">OCLCQ</subfield>
      <subfield code="d">OCLCL</subfield>
      <subfield code="d">QGJ</subfield>
      <subfield code="d">OCLCO</subfield>
    </datafield>
    <datafield tag="035" ind1=" " ind2=" ">
      <subfield code="a">(OCoLC)1050871502</subfield>
    </datafield>
    <datafield tag="043" ind1=" " ind2=" ">
      <subfield code="a">e-gx---</subfield>
    </datafield>
    <datafield tag="050" ind1=" " ind2="4">
      <subfield code="a">BX1538.C6</subfield>
      <subfield code="b">G86 1544</subfield>
    </datafield>
    <datafield tag="082" ind1="0" ind2="4">
      <subfield code="a">282.43</subfield>
      <subfield code="q">OCoLC</subfield>
      <subfield code="1">https://id.oclc.org/worldcat/ddc/E44X3DPdgmkQqDCcwrHtVcYb8r</subfield>
    </datafield>
    <datafield tag="100" ind1="1" ind2=" ">
      <subfield code="a">Gropper, Johannes,</subfield>
      <subfield code="d">1503-1559,</subfield>
      <subfield code="e">author.</subfield>
      <subfield code="4">aut</subfield>
      <subfield code="1">https://id.oclc.org/worldcat/entity/E39PBJyxbkmX93fMMdT4t8kMT3</subfield>
    </datafield>
    <datafield tag="240" ind1="1" ind2="0">
      <subfield code="a">Christliche und catholische Gegenberichtung eyns erwirdigen Dhomcapittels zu Cöllen.</subfield>
      <subfield code="l">Latin</subfield>
    </datafield>
    <datafield tag="245" ind1="1" ind2="0">
      <subfield code="a">Antididagma, seu Christianae et Catholicae religionis per Reuerend. &amp; Illust. d[omi]nos Canonicos Metropolitanae ecclesiae Colonien[sis]. propugnatio :</subfield>
      <subfield code="b">aduersus librum quendam uniuersis Ordinibus seu Statibus Dioecesis eiusdem nuper Bonnae titulo Reformationis exhibitum, ac postea (mutatis quibusda[m]) Consultoriae deliberationis nomine impressum. Sententia item delectorum per Venerabile Capitulum Ecclesiae Coloniensis, de uocatione Martini Buceri.</subfield>
    </datafield>
    <datafield tag="246" ind1="3" ind2=" ">
      <subfield code="a">Antididagma, sev Christianae et Catholicae religionis per Reuerend. &amp; Illust. dominos Canonicos Metropolitanae ecclesiae Coloniensis propugnatio</subfield>
    </datafield>
    <datafield tag="264" ind1=" " ind2="1">
      <subfield code="a">Coloniae :</subfield>
      <subfield code="b">apud Iasparem Gennepaeum, ubi &amp; prostant,</subfield>
      <subfield code="c">Anno M.D.xliiij [1544]</subfield>
    </datafield>
    <datafield tag="300" ind1=" " ind2=" ">
      <subfield code="a">[10], CIX, [1] leaves ;</subfield>
      <subfield code="c">30 cm (folio)</subfield>
    </datafield>
    <datafield tag="336" ind1=" " ind2=" ">
      <subfield code="a">text</subfield>
      <subfield code="b">txt</subfield>
      <subfield code="2">rdacontent</subfield>
    </datafield>
    <datafield tag="337" ind1=" " ind2=" ">
      <subfield code="a">unmediated</subfield>
      <subfield code="b">n</subfield>
      <subfield code="2">rdamedia</subfield>
    </datafield>
    <datafield tag="338" ind1=" " ind2=" ">
      <subfield code="a">volume</subfield>
      <subfield code="b">nc</subfield>
      <subfield code="2">rdacarrier</subfield>
    </datafield>
    <datafield tag="340" ind1=" " ind2=" ">
      <subfield code="m">folio</subfield>
      <subfield code="2">rdabf</subfield>
    </datafield>
    <datafield tag="500" ind1=" " ind2=" ">
      <subfield code="a">By Johannes Gropper (taken from VD 16).</subfield>
    </datafield>
    <datafield tag="500" ind1=" " ind2=" ">
      <subfield code="a">Contains a contribution by Charles V, Holy Roman Emperor.</subfield>
    </datafield>
    <datafield tag="500" ind1=" " ind2=" ">
      <subfield code="a">Title-page vignette of St. Peter.</subfield>
    </datafield>
    <datafield tag="500" ind1=" " ind2=" ">
      <subfield code="a">Includes index.</subfield>
    </datafield>
    <datafield tag="500" ind1=" " ind2=" ">
      <subfield code="a">Signatures: a⁶ b⁴ A⁶ B-D⁴ E⁶ F-Z⁴ ²a-²b⁴ c⁶ (E2 missigned D2, c6 is blank).</subfield>
    </datafield>
    <datafield tag="500" ind1=" " ind2=" ">
      <subfield code="a">With initials and printed marginalia.</subfield>
    </datafield>
    <datafield tag="500" ind1=" " ind2=" ">
      <subfield code="a">On bottom of title page: "Cum Gratia &amp; Priuilegio Caesareae &amp; Catholicae Maiestatis."</subfield>
    </datafield>
    <datafield tag="510" ind1="4" ind2=" ">
      <subfield code="a">Verzeichnis der im deutschen Sprachbereich erschienenen Drucke des 16. Jahrhunderts (VD 16),</subfield>
      <subfield code="c">G 3401</subfield>
      <subfield code="u">https://gateway-bayern.de/VD16+G+3401</subfield>
    </datafield>
    <datafield tag="510" ind1="4" ind2=" ">
      <subfield code="3">Sententia de vocatione Martini Buceri:</subfield>
      <subfield code="a">Verzeichnis der im deutschen Sprachbereich erschienenen Drucke des 16. Jahrhunderts (VD 16),</subfield>
      <subfield code="c">K 1797</subfield>
      <subfield code="u">https://gateway-bayern.de/VD16+K+1797</subfield>
    </datafield>
    <datafield tag="600" ind1="1" ind2="0">
      <subfield code="a">Bucer, Martin,</subfield>
      <subfield code="d">1491-1551.</subfield>
    </datafield>
    <datafield tag="600" ind1="1" ind2="0">
      <subfield code="a">Wied, Hermann von,</subfield>
      <subfield code="d">1477-1552.</subfield>
      <subfield code="t">Einfaltiges Bedenken, warauff ein Christliche in dem Wort Gottes gegrünnte Reformation anzurichten seye.</subfield>
    </datafield>
    <datafield tag="610" ind1="2" ind2="0">
      <subfield code="a">Catholic Church</subfield>
      <subfield code="v">Controversial literature</subfield>
      <subfield code="v">Early works to 1800.</subfield>
    </datafield>
    <datafield tag="650" ind1=" " ind2="0">
      <subfield code="a">Counter-Reformation</subfield>
      <subfield code="z">Germany</subfield>
      <subfield code="z">Cologne.</subfield>
    </datafield>
    <datafield tag="610" ind1="2" ind2="6">
      <subfield code="a">Église catholique</subfield>
      <subfield code="v">Ouvrages de controverse</subfield>
      <subfield code="v">Ouvrages avant 1800.</subfield>
    </datafield>
    <datafield tag="650" ind1=" " ind2="6">
      <subfield code="a">Contre-Réforme</subfield>
      <subfield code="z">Allemagne</subfield>
      <subfield code="z">Cologne.</subfield>
    </datafield>
    <datafield tag="600" ind1="1" ind2="7">
      <subfield code="a">Bucer, Martin,</subfield>
      <subfield code="d">1491-1551</subfield>
      <subfield code="2">fast</subfield>
      <subfield code="1">https://id.oclc.org/worldcat/entity/E39PBJc3MqCpVWF9hBf3Gcm8G3</subfield>
    </datafield>
    <datafield tag="610" ind1="2" ind2="7">
      <subfield code="a">Catholic Church</subfield>
      <subfield code="2">fast</subfield>
    </datafield>
    <datafield tag="650" ind1=" " ind2="7">
      <subfield code="a">Counter-Reformation</subfield>
      <subfield code="2">fast</subfield>
    </datafield>
    <datafield tag="651" ind1=" " ind2="7">
      <subfield code="a">Germany</subfield>
      <subfield code="z">Cologne</subfield>
      <subfield code="2">fast</subfield>
      <subfield code="1">https://id.oclc.org/worldcat/entity/E39QbtfRgxYkfbwQXfRkmPTP3p</subfield>
    </datafield>
    <datafield tag="655" ind1=" " ind2="7">
      <subfield code="a">Controversial literature</subfield>
      <subfield code="2">fast</subfield>
    </datafield>
    <datafield tag="655" ind1=" " ind2="7">
      <subfield code="a">Early works</subfield>
      <subfield code="2">fast</subfield>
    </datafield>
    <datafield tag="700" ind1="1" ind2=" ">
      <subfield code="a">Billick, Eberhard,</subfield>
      <subfield code="d">-1557,</subfield>
      <subfield code="e">translator.</subfield>
      <subfield code="4">trl</subfield>
      <subfield code="1">https://id.oclc.org/worldcat/entity/E39PBJfWXCh9TMcwJqkRfrHQv3</subfield>
    </datafield>
    <datafield tag="700" ind1="0" ind2=" ">
      <subfield code="a">Charles</subfield>
      <subfield code="b">V,</subfield>
      <subfield code="c">Holy Roman Emperor,</subfield>
      <subfield code="d">1500-1558,</subfield>
      <subfield code="e">contributor.</subfield>
      <subfield code="4">ctb</subfield>
      <subfield code="1">https://id.oclc.org/worldcat/entity/E39PBJrrtb7QxXCFgdVBT4dmh3</subfield>
    </datafield>
    <datafield tag="700" ind1="1" ind2=" ">
      <subfield code="a">Gennep, Jaspar von,</subfield>
      <subfield code="d">1500-approximately 1564,</subfield>
      <subfield code="e">printer.</subfield>
      <subfield code="4">prt</subfield>
      <subfield code="1">https://id.oclc.org/worldcat/entity/E39PBJh4rDrGDdH9QXWvQdHpyd</subfield>
    </datafield>
    <datafield tag="752" ind1=" " ind2=" ">
      <subfield code="a">Germany</subfield>
      <subfield code="d">Cologne,</subfield>
      <subfield code="e">publication place.</subfield>
      <subfield code="4">pup</subfield>
    </datafield>
  </record>